000 00362nas a22001333 4500
082 _a388.322044
_bHID
_cD
100 _aHide, H
_938724
245 0 0 _aVehicle operating costs in the Caribbean/
260 _aUSA:
_bCrown copyright;
_cc1982
300 _a29p.;
_bill, :
_c28 cm
526 _a0
_b0
_c0
_d388_322044000000000_HID
650 _aMCE
_9379
942 _2ddc
_cBK
999 _c543365
_d543365